Comparación de las eficiencias en un aerogenerador de eje vertical helicoidal al ser fabricado mediante diferentes configuraciones en parámetros de impresión 3D
Guardat en:
| Autor principal: | |
|---|---|
| Altres autors: | |
| Format: | Llibre |
| Idioma: | Spanish |
| Publicat: |
[San José, Costa Rica]
2024
|
| Matèries: | |
| Etiquetes: |
Afegir etiqueta
Sense etiquetes, Sigues el primer a etiquetar aquest registre!
|
MARC
| LEADER | 00000nam a2200000Ia 4500 | ||
|---|---|---|---|
| 003 | 013858 | ||
| 005 | 20240405141857.0 | ||
| 008 | 140114s2024 cr a 000 ||spa d | ||
| 040 | |c cru CEDI | ||
| 100 | |a Serrano López, José Pablo, 1995- |9 2912 | ||
| 245 | |a Comparación de las eficiencias en un aerogenerador de eje vertical helicoidal al ser fabricado mediante diferentes configuraciones en parámetros de impresión 3D | ||
| 260 | |a [San José, Costa Rica] |c 2024 | ||
| 500 | |a Proyecto de graduación (licenciatura en ingeniería mecánica) --Universidad de Costa Rica. Facultad de Ingeniería. Escuela de Ingeniería Mecánica | ||
| 501 | |a Director de Proyecto de Graduación: Mag. Sergio Ferreto Brenes | ||
| 650 | |x IMPRESION TRIDIMENSIONAL |x RECURSOS ENERGETICOS RENOVABLES |x GENERACION DE ENERGIA |x ANALISIS DE COSTOS |x NNOVACIONES TECNOLOGICAS |x PROTOTIPOS | ||
| 700 | |a Ferreto Brenes, Sergio Ademar, 1976- |d Director del TFG |9 206 | ||
| 942 | |c TFG |h TFG 8999 |i 013858 |6 TFG_8999_013858000000000 | ||
| 999 | |c 13034 |d 13034 | ||
